Determinanty subjektívneho blahobytu jednotlivcov (Dezagregovaná analýza)

Prehľad ekonomickej literatúry zaoberajúcej sa pocitom šťastia. Teoretický rámec skúmania a empirická analýza. Formulácia záverov a hospodársko-politické odporúčania.

Gespeichert in:
Bibliographische Detailangaben
1. Verfasser: Čaplánová, Anetta, 1967-
Weitere Verfasser: Orviská, Marta
Format: Buchkapitel
Sprache:Slowakisch
Schlagworte:
Tags: Tag hinzufügen
Keine Tags, Fügen Sie das erste Tag hinzu!

MARC

LEADER 00000naa$a2200000$$$4500
001 0111790
005 20240502072235.0
041 0 |a slo 
044 |a SK 
245 1 0 |a Determinanty subjektívneho blahobytu jednotlivcov (Dezagregovaná analýza)  |c Anetta Čaplánová, Marta Orviská 
520 |a Prehľad ekonomickej literatúry zaoberajúcej sa pocitom šťastia. Teoretický rámec skúmania a empirická analýza. Formulácia záverov a hospodársko-politické odporúčania. 
610 2 0 |a rozvoj hospodársky 
610 2 0 |a blahobyt 
610 2 0 |a analýza ekonomická 
610 2 0 |a úžitok 
100 1 |a Čaplánová, Anetta, 1967- 
700 1 |a Orviská, Marta